<?xml version="1.0" encoding="UTF-8"?>
<record
    xmlns:xsi="http://www.w3.org/2001/XMLSchema-instance"
    xsi:schemaLocation="http://www.loc.gov/MARC21/slim http://www.loc.gov/standards/marcxml/schema/MARC21slim.xsd"
    xmlns="http://www.loc.gov/MARC21/slim">

  <leader>01442nam0a2200301   4500</leader>
  <controlfield tag="001">RU\NLR\BIBL_A\011429563</controlfield>
  <controlfield tag="005">20250626064006.0</controlfield>
  <datafield tag="010" ind1=" " ind2=" ">
    <subfield code="a">978-5-906701-92-3</subfield>
    <subfield code="9">700</subfield>
  </datafield>
  <datafield tag="021" ind1=" " ind2=" ">
    <subfield code="a">RU</subfield>
    <subfield code="b">2017-37055</subfield>
    <subfield code="9">2713</subfield>
  </datafield>
  <datafield tag="035" ind1=" " ind2=" ">
    <subfield code="a">(NLR Aleph) 011429563</subfield>
  </datafield>
  <datafield tag="090" ind1=" " ind2=" ">
    <subfield code="a">11646047</subfield>
    <subfield code="c">11646047</subfield>
  </datafield>
  <datafield tag="100" ind1=" " ind2=" ">
    <subfield code="a">20170630d2017    |||y0rusy50      ca</subfield>
  </datafield>
  <datafield tag="101" ind1="0" ind2=" ">
    <subfield code="a">tat</subfield>
  </datafield>
  <datafield tag="102" ind1=" " ind2=" ">
    <subfield code="a">RU</subfield>
  </datafield>
  <datafield tag="105" ind1=" " ind2=" ">
    <subfield code="a">a   z   000 y</subfield>
  </datafield>
  <datafield tag="200" ind1="1" ind2=" ">
    <subfield code="a">&#x41A;&#x4AF;&#x433;&#x4D9;&#x439; &#x430;&#x432;&#x44B;&#x43B;&#x44B;&#x43C; - &#x44F;&#x448;&#x44C;&#x43B;&#x435;&#x433;&#x435;&#x43C; &#x445;&#x430;&#x442;&#x438;&#x440;&#x4D9;&#x43B;&#x4D9;&#x440;&#x435;</subfield>
    <subfield code="e">[&#x422;&#x430;&#x442;&#x430;&#x440;&#x441;&#x442;&#x430;&#x43D; &#x420;&#x435;&#x441;&#x43F;. &#x42F;&#x448;&#x435;&#x43B; &#x4AE;&#x437;&#x4D9;&#x43D; &#x440;-&#x43D;&#x44B; &#x41A;&#x4AF;&#x433;&#x4D9;&#x439; &#x430;&#x432;&#x44B;&#x43B;&#x44B;&#x43D;&#x44B;&#x4A3; &#x43A;&#x44B;&#x441;&#x43A;&#x430;&#x447;&#x430; &#x442;&#x430;&#x440;&#x438;&#x445;&#x44B;]</subfield>
    <subfield code="f">&#x420;&#x430;&#x444;&#x438;&#x43B; &#x496;&#x4D9;&#x43B;&#x4D9;&#x43B;&#x435;&#x435;&#x432;</subfield>
  </datafield>
  <datafield tag="205" ind1=" " ind2=" ">
    <subfield code="a">2 &#x43D;&#x447;&#x435; &#x431;&#x430;&#x441;&#x43C;&#x430;</subfield>
    <subfield code="b">&#x442;&#x443;&#x43B;&#x44B;&#x43B;.</subfield>
  </datafield>
  <datafield tag="210" ind1=" " ind2=" ">
    <subfield code="a">&#x41A;&#x430;&#x437;&#x430;&#x43D;</subfield>
    <subfield code="c">&#x418;&#x445;&#x43B;&#x430;&#x441;</subfield>
    <subfield code="d">2017</subfield>
  </datafield>
  <datafield tag="215" ind1=" " ind2=" ">
    <subfield code="a">183 &#x431;., [8] &#x43B;. &#x446;&#x432;. &#x444;&#x43E;&#x442;.</subfield>
    <subfield code="c">&#x43F;&#x43E;&#x440;&#x442;&#x440;., &#x444;&#x43E;&#x442;., &#x444;&#x430;&#x43A;&#x441;., &#x43D;&#x43E;&#x442;&#x44B;</subfield>
    <subfield code="d">25</subfield>
  </datafield>
  <datafield tag="541" ind1="1" ind2=" ">
    <subfield code="6">z01790</subfield>
    <subfield code="a">&#x414;&#x435;&#x440;&#x435;&#x432;&#x435;&#x43D;&#x44C;&#x43A;&#x430; &#x43C;&#x43E;&#x44F; &#x41A;&#x443;&#x433;&#x435;&#x435;&#x432;&#x43E; - &#x432;&#x43E;&#x441;&#x43F;&#x43E;&#x43C;&#x438;&#x43D;&#x430;&#x43D;&#x438;&#x44F; &#x44E;&#x43D;&#x43E;&#x441;&#x442;&#x438;</subfield>
    <subfield code="e">[&#x43A;&#x440;&#x430;&#x442;&#x43A;&#x430;&#x44F; &#x438;&#x441;&#x442;&#x43E;&#x440;&#x438;&#x44F; &#x434;. &#x41A;&#x443;&#x433;&#x435;&#x435;&#x432;&#x43E; &#x417;&#x435;&#x43B;&#x435;&#x43D;&#x43E;&#x434;&#x43E;&#x43B;. &#x440;-&#x43D;&#x430; &#x420;&#x435;&#x441;&#x43F;. &#x422;&#x430;&#x442;&#x430;&#x440;&#x441;&#x442;&#x430;&#x43D;].</subfield>
    <subfield code="z">rus</subfield>
  </datafield>
  <datafield tag="606" ind1="1" ind2=" ">
    <subfield code="a">&#x422;&#x430;&#x442;&#x430;&#x440;&#x441;&#x43A;&#x430;&#x44F; &#x434;&#x435;&#x440;&#x435;&#x432;&#x43D;&#x44F;</subfield>
    <subfield code="x">&#x418;&#x441;&#x442;&#x43E;&#x440;&#x438;&#x44F;</subfield>
    <subfield code="9">2175442</subfield>
    <subfield code="3">RU\NLR\auth-onl\66106</subfield>
  </datafield>
  <datafield tag="686" ind1="1" ind2=" ">
    <subfield code="a">&#x422;3(2&#x420;-6&#x422;)-9</subfield>
  </datafield>
  <datafield tag="700" ind1=" " ind2="1">
    <subfield code="a">&#x496;&#x4D9;&#x43B;&#x4D9;&#x43B;&#x438;&#x435;&#x432;</subfield>
    <subfield code="b">&#x420;. &#x413;. &#x443;&#x43B;&#x44B;</subfield>
    <subfield code="f">1951-</subfield>
    <subfield code="g">&#x420;&#x430;&#x444;&#x438;&#x43B; &#x413;&#x430;&#x440;&#x438;&#x444; &#x443;&#x43B;&#x44B;</subfield>
    <subfield code="4">070</subfield>
  </datafield>
  <datafield tag="790" ind1=" " ind2="1">
    <subfield code="6">z01541</subfield>
    <subfield code="a">&#x417;&#x430;&#x43B;&#x44F;&#x43B;&#x435;&#x435;&#x432;</subfield>
    <subfield code="b">&#x420;. &#x413;.</subfield>
    <subfield code="f">1951-</subfield>
    <subfield code="g">&#x420;&#x430;&#x444;&#x438;&#x43B;&#x44C; &#x413;&#x430;&#x440;&#x438;&#x444;&#x43E;&#x432;&#x438;&#x447;</subfield>
    <subfield code="4">070</subfield>
  </datafield>
  <datafield tag="852" ind1=" " ind2=" ">
    <subfield code="a">NLR</subfield>
    <subfield code="b">&#x41E;&#x41D;&#x41B;</subfield>
    <subfield code="j">&#x422;&#x430;&#x442;&#x430;&#x440;./4-1609</subfield>
  </datafield>
  <datafield tag="942" ind1=" " ind2=" ">
    <subfield code="c">BOOK</subfield>
  </datafield>
  <datafield tag="980" ind1=" " ind2=" ">
    <subfield code="a">NB</subfield>
  </datafield>
  <datafield tag="995" ind1=" " ind2=" ">
    <subfield code="5">2017-06-30</subfield>
    <subfield code="a">ad</subfield>
    <subfield code="b">NLR01</subfield>
    <subfield code="c">NLR01</subfield>
    <subfield code="e">ONL</subfield>
    <subfield code="f">1-1434276</subfield>
    <subfield code="k">&#x41E;&#x41D;&#x41B; &#x422;&#x430;&#x442;&#x430;&#x440;./4-1609</subfield>
    <subfield code="o">4</subfield>
    <subfield code="r">BOOK</subfield>
    <subfield code="s">_41609</subfield>
  </datafield>
</record>
